LIBRARY & INFORMATION CENTRE, KCAET, TAVANUR

ONLINE PUBLIC ACCESS CATALOGUE (OPAC)

A manual on conservation of soil and water (Record no. 15003)

MARC details
000 -LEADER
fixed length control field 00265nam a22001097a 4500
082 ## - DEWEY DECIMAL CLASSIFICATION NUMBER
Classification number 631.4
Item number MAN
100 ## - MAIN ENTRY--AUTHOR NAME
Personal name USDA
245 ## - TITLE STATEMENT
Title A manual on conservation of soil and water
260 ## - PUBLICATION, DISTRIBUTION, ETC. (IMPRINT)
Place of publication Culcutta
Name of publisher Oxford Book & Stationery
Year of publication 1964
300 ## - PHYSICAL DESCRIPTION
Number of Pages 208
942 ## - ADDED ENTRY ELEMENTS (KOHA)
Koha item type Books
Holdings
Withdrawn status Lost status Damaged status Home library Current library Shelving location Date acquired Cost, normal purchase price Full call number Accession Number Koha item type
      KAUAET KAUAET Processing Center 19/12/2017 3.00 631.4 MAN 9908 Books
free website counter